Flags with Animals - Sudden Death - Statistics

General Stats
  • This quiz has been taken 784 times
    758 since last reset
  • The average score is 8 of 16
Answers on the Grid
Answers color-coded by a green-red scale on the quiz's grid according to % correct below.
Antigua and Barbuda
Egypt
Andorra
Bahamas
Barbados
Chile
Dominica
Ecuador
El Salvador
Fiji
Greece
Guatemala
Kiribati
Kazakhstan
Montenegro
Moldova
Nicaragua
Malawi
Nigeria
Papua New Guinea
Panama
Zambia
San Marino
Sri Lanka
Serbia
Singapore
Tajikistan
Uganda
Zimbabwe
Palau
 
Answer Stats
Answer % Correct
Egypt
79%
Papua New Guinea
67%
Sri Lanka
65%
Uganda
59%
Ecuador
51%
Dominica
50%
Montenegro
47%
Zambia
47%
Zimbabwe
46%
Kiribati
45%
Andorra
44%
Moldova
44%
Serbia
42%
Kazakhstan
39%
Guatemala
27%
Fiji
26%
No matching quizzes found
Score Distribution
Percent of People with Each Score
Percentile by Number Answered
Your Score History
You have not taken this quiz since the last reset